[Event "TCh-FIN 2006-7"]
[Site "Helsinki FIN"]
[Date "2006.11.19"]
[Round "5"]
[White "Volodin,Alek"]
[Black "Sorsa,N"]
[Result "1-0"]
[WhiteElo "2354"]
[BlackElo "2238"]

1.d4 Nf6 2.c4 e6 3.Nf3 b6 4.a3 c5 5.d5 exd5 6.cxd5 b5 7.Nc3 b4 8.axb4 cxb4
9.Nb5 Qb6 10.e3 Ba6 11.Nfd4 Bb7 12.d6 Bxd6 13.Nf5 Bc5 14.Nbd6+ Kf8 15.Nxb7 Qxb7
16.Be2 Qxg2 17.Bf3 Qh3 18.Qc2 d6 19.Bxa8 g6 20.Ng3 Kg7 21.b3 Nbd7 22.Be4 d5
23.Bd3 Ne5 24.Bb2 Nf3+ 25.Kd1 Rc8 26.Ra6 d4 27.Rxf6 Kxf6 28.Ne4+ Ke7 29.Nxc5 Qg2
30.Rf1 Nxh2 31.Re1 Nf3 32.Bxd4 Nxe1 33.Kxe1 Qh1+ 34.Bf1 Qc6 35.Ba6 Rc7 36.Qc4 Qd6
37.Qxb4 h5 38.Bf6+  1-0

[Event "1st Magistral Endesa"]
[Site "Santiago CHI"]
[Date "2006.11.19"]
[Round "4"]
[White "Michel Yunis,C"]
[Black "Hellsten,J"]
[Result "0-1"]
[WhiteElo "2343"]
[BlackElo "2592"]

1.d4 Nf6 2.c4 e6 3.Nf3 b6 4.a3 Ba6 5.e3 d5 6.Nbd2 c5 7.Qa4+ Qd7 8.Qxd7+ Nbxd7
9.cxd5 Bxf1 10.Rxf1 Nxd5 11.Ne4 Be7 12.dxc5 bxc5 13.Kd1 c4 14.Bd2 O-O 15.Kc2 Rab8
16.Nc3 N5f6 17.Rab1 Rfc8 18.Rfe1 Nc5 19.Re2 Rb7 20.e4 h6 21.Ne5 Nb3 22.Be3 Bd6
23.Nf3 Ng4 24.Rd1 Nxe3+ 25.Rxe3 Bc5 26.Re2 e5 27.Kb1 Nd4 28.Red2 Nxf3 29.gxf3 Bxa3
30.Ka2 Bc5 31.Rd8+ Rxd8 32.Rxd8+ Kh7 33.Rc8 Bxf2 34.Rxc4 Bg1 35.h3 Bd4 36.b3 Rb6
37.Ne2 Ra6+ 38.Kb1 Ra1+ 39.Kc2 Ra2+ 40.Kd3 Bb6 41.Rc6 Rb2  0-1

[Event "19th Belgrade Trophy"]
[Site "Belgrade SRB"]
[Date "2006.11.23"]
[Round "2"]
[White "Jovicic,R"]
[Black "Sarenac,I"]
[Result "1-0"]
[WhiteElo "2268"]
[BlackElo "2172"]

1.d4 Nf6 2.Nf3 e6 3.c4 b6 4.a3 Bb7 5.Nc3 d5 6.cxd5 Nxd5 7.Qc2 Nd7 8.Nxd5 Bxd5
9.e4 Bb7 10.Bb5 Bd6 11.e5 Be7 12.Bc6 Bxc6 13.Qxc6 O-O 14.h4 Rc8 15.Bg5 Re8
16.O-O h6 17.Be3 Nb8 18.Qe4 Qd7 19.Rfd1 Red8 20.Qg4 Kh7 21.Qh5 Bf8 22.Ng5+ Kg8
23.Ne4 Qd5 24.Qg4 Kh8 25.Rd3 Nd7 26.Rad1 Be7 27.Nc3 Qc4 28.Bf4 Kh7 29.Qh5  1-0

[Event "19th Belgrade Trophy"]
[Site "Belgrade SRB"]
[Date "2006.11.24"]
[Round "3"]
[White "Kizov,A"]
[Black "Dizdarevic,B"]
[Result "1-0"]
[WhiteElo "2390"]
[BlackElo "1788"]

1.d4 Nf6 2.Nf3 e6 3.c4 b6 4.a3 Ba6 5.Qb3 Be7 6.Nc3 d5 7.cxd5 Nxd5 8.Bd2 O-O
9.g3 Bf6 10.Bg2 Nc6 11.Qa4 Bb7 12.O-O a6 13.e3 Qd7 14.Rac1 Rad8 15.Qc2 b5
16.Ne4 Be7 17.Nfg5 Bxg5 18.Nxg5 g6 19.Ne4 Ba8 20.Nc5 Qc8 21.Rfd1 Rfe8 22.Nb3 Re7
23.e4 Nf6 24.Bg5 Kg7 25.Bxf6+ Kxf6 26.e5+ Nxe5 27.dxe5+ Kg7 28.Rxd8 Qxd8
29.Rd1 Qb8 30.Bxa8 Qxa8 31.Nc5 Qc6 32.b4 Qb6 33.Qd2 Re8 34.Qf4 Kg8 35.Nd7  1-0

[Event "Capablanca mem Open"]
[Site "Havana CUB"]
[Date "2006.11.27"]
[Round "7"]
[White "Arias,Le"]
[Black "Munoz,Li"]
[Result "1-0"]
[WhiteElo "2253"]
[BlackElo "2396"]

1.d4 e6 2.c4 Nf6 3.Nf3 b6 4.a3 Ba6 5.Qa4 Be7 6.g3 O-O 7.Bg2 c6 8.Ne5 d5 9.O-O Bxc4
10.Nc3 Qe8 11.Nxc4 b5 12.Qb3 dxc4 13.Qc2 Na6 14.a4 Nb4 15.Qd1 Nbd5 16.e4 Nxc3
17.bxc3 a6 18.Bg5 Nd7 19.Bxe7 Qxe7 20.e5 Rac8 21.axb5 axb5 22.Ra7 Qd8 23.f4 g6
24.Qe2 Nb6 25.f5 Nd5 26.Bxd5 Qxd5 27.f6 h6 28.Qe3 Kh7 29.Rf4 g5 30.Rg4 Rg8
31.Rxf7+ Kg6 32.Re7 Ra8 33.Qe4+ Qxe4 34.Rxe4 Kf5 35.Re2 Rge8 36.Rc7 Rec8
37.Rxc8 Rxc8 38.Kf2 Ra8 39.Ke3 Kg6 40.Rf2 Kf7 41.Ke4 Ra1 42.h4 Re1+ 43.Kf3 Rc1
44.hxg5 hxg5 45.Rh2 Rxc3+ 46.Kg4 Kg8 47.Kh5 Kf7 48.Ra2 Rf3 49.Ra7+ Ke8 50.Rc7 c3
51.Rxc6 b4 52.Kg4 Rf1 53.d5 exd5 54.Kxg5 Kd7 55.Rd6+ Kc7 56.Rxd5 Kc6 57.Rd8 Kc5
58.e6 b3 59.e7 Re1 60.e8=Q Rxe8 61.Rxe8 b2 62.f7 b1=Q 63.f8=Q+ Kc4 64.Rc8+  1-0

[Event "Capablanca mem Open"]
[Site "Havana CUB"]
[Date "2006.11.28"]
[Round "8"]
[White "Almeida,O"]
[Black "Gonzalez,Y"]
[Result "1/2-1/2"]
[WhiteElo "2500"]
[BlackElo "2502"]

1.d4 Nf6 2.Nf3 e6 3.c4 b6 4.a3 Ba6 5.e3 d5 6.Nbd2 Be7 7.Bd3 O-O 8.O-O c5
9.b3 Nbd7 10.Bb2 Rc8 11.Re1 Bb7 12.Qe2 Ne4 13.cxd5 exd5 14.Ba6 Bxa6 15.Qxa6 cxd4
16.Bxd4 Ndc5 17.Qe2 Ne6 18.Nf1 Qc7 19.Qb2 Qc2 20.Re2 Qxb2 21.Bxb2 N6c5 22.b4 Na4
23.Rd1 Rfd8 24.Ng3 g6 25.Ba1 a5 26.bxa5 bxa5 27.Ra2 f6  1/2-1/2

[Event "73rd ch-BRA"]
[Site "Guarulhos BRA"]
[Date "2006.11.29"]
[Round "7"]
[White "Oliveira,Je"]
[Black "De Toledo,J"]
[Result "1/2-1/2"]
[WhiteElo "2183"]
[BlackElo "2376"]

1.d4 Nf6 2.c4 e6 3.Nf3 b6 4.a3 Ba6 5.Qc2 Bb7 6.Nc3 c5 7.e4 cxd4 8.Nxd4 d6
9.Bg5 Nbd7 10.O-O-O a6 11.f4 Be7 12.Be2 Qc7 13.Kb1 h6 14.Bh4 Nc5 15.Bf3 Nfxe4
16.Bxe7 Nxc3+ 17.Qxc3 Qxe7 18.Nc6 Qc7  1/2-1/2

[Event "Polyarniy Krug"]
[Site "Salekhard RUS"]
[Date "2006.11.29"]
[Round "1"]
[White "Riazantsev,A"]
[Black "Stroganov,And"]
[Result "1-0"]
[WhiteElo "2632"]
[BlackElo "1932"]

1.d4 Nf6 2.c4 e6 3.Nf3 b6 4.a3 Ba6 5.Qc2 Bb7 6.Nc3 c5 7.dxc5 Bxc5 8.Bf4 a6
9.Rd1 O-O 10.e3 Be7 11.Be2 d6 12.Rd2 Qc7 13.O-O Nbd7 14.Rfd1 Ne5 15.Nxe5 dxe5
16.Bg3 Rac8 17.Qb3 Rfd8 18.Rxd8+ Rxd8 19.Rxd8+ Bxd8 20.Qd1 Be7 21.Bf3 Bc8
22.Qa4 Nd7 23.h3 Bb7 24.Bxb7 Qxb7 25.b4 h5 26.f3 Qc8 27.Ne4 f5 28.Nd2 h4
29.Bf2 Nf6 30.Bxh4 Ne4 31.Nxe4 Bxh4 32.Nd6 Qd8 33.Qe8+ Qxe8 34.Nxe8 Bd8 35.Nd6 Bc7
36.Nc8 Kf8 37.b5 axb5 38.cxb5 Ke8 39.Kf2 Kd7 40.Na7 Kd6 41.Ke2 f4 42.e4 Kc5
43.Kd3 Bd8 44.Nc6 Bh4 45.a4 Bf6 46.Kc3 Bh4 47.Kd3 Bf6 48.Nb8 Kd6 49.Kc4 Bh4
50.Nc6 Be1 51.Nb4 Bh4 52.Nd3 Bd8 53.Kb4 Be7 54.a5 Kc7+ 55.Ka4 bxa5 56.Kxa5 Bd6
57.Ka6 Kb8 58.Kb6  1-0

[Event "Polyarniy Krug"]
[Site "Salekhard RUS"]
[Date "2006.12.02"]
[Round "4"]
[White "Gnydka,J"]
[Black "Ovod,E"]
[Result "1/2-1/2"]
[WhiteElo "2070"]
[BlackElo "2407"]

1.d4 Nf6 2.c4 e6 3.Nf3 b6 4.a3 Ba6 5.Qc2 Bb7 6.Nc3 c5 7.dxc5 Bxc5 8.Bf4 d5
9.cxd5 Nxd5 10.Rd1 Qc8 11.e3 Nxf4 12.Qa4+ Bc6 13.Qxf4 Nd7 14.Bd3 Qb8 15.Nb5 Qxf4
16.exf4 O-O 17.b4 Be7 18.Nbd4 Bd5 19.O-O a5 20.Bb5 Nf6 21.bxa5 Rxa5 22.a4 Bc5
23.Ne5 g6 24.Ndc6 Raa8 25.Nd3 Bd6 26.Ndb4 Kg7 27.g3 Bc5 28.Nxd5 Nxd5 29.Rc1 Nb4  1/2-1/2

[Event "FSIM December"]
[Site "Budapest HUN"]
[Date "2006.12.03"]
[Round "2"]
[White "Gerard,N"]
[Black "Horvath,And"]
[Result "1-0"]
[WhiteElo "2333"]
[BlackElo "2305"]

1.d4 Nf6 2.c4 e6 3.Nf3 b6 4.a3 Bb7 5.Nc3 d5 6.cxd5 Nxd5 7.Bd2 Nd7 8.Nxd5 exd5
9.Rc1 Bd6 10.Bg5 Nf6 11.e3 O-O 12.Ne5 Re8 13.Ng4 Be7 14.Bxf6 Bxf6 15.Nxf6+ Qxf6
16.Rxc7 Bc6 17.Qf3 Qxf3 18.gxf3 Rec8 19.Rxc8+ Rxc8 20.Kd2 g6 21.Ba6 Rd8 22.Rc1 Rd6
23.f4 Kg7 24.b4 h6 25.h4 Kf6 26.f3 Ba4 27.b5 Rd7 28.Kd3 Bb3 29.Rc6+ Ke7 30.e4 Bc4+
31.Ke3 Rd6 32.Rc7+ Rd7 33.Rxd7+ Kxd7 34.Bb7 dxe4 35.Bc6+ Kc7 36.fxe4 a6 37.d5 f6
38.bxa6 Bxa6 39.e5 fxe5 40.fxe5 g5 41.hxg5 hxg5 42.Ke4 Bc8 43.Bb5  1-0

[Event "XV Asiad Men's Rapid"]
[Site "Doha QAT"]
[Date "2006.12.03"]
[Round "5"]
[White "Dao Thien Hai"]
[Black "Ghaem Maghami,E"]
[Result "1-0"]
[WhiteElo "2557"]
[BlackElo "2581"]

1.d4 Nf6 2.c4 e6 3.Nf3 b6 4.a3 Bb7 5.Nc3 d5 6.Bg5 Be7 7.Qa4+ c6 8.Bxf6 Bxf6
9.cxd5 exd5 10.g3 O-O 11.Bg2 Na6 12.O-O Nc7 13.Rfd1 Re8 14.Rac1 Qd6 15.Qc2 Qe7
16.b4 a5 17.Qb2 axb4 18.axb4 Ba6 19.Re1 Nb5 20.e3 Nd6 21.Nd2 Bc4 22.b5 Bxb5
23.Bxd5 cxd5 24.Nxb5 Nxb5 25.Qxb5 Ra2 26.Nb1 Qe6 27.Nc3 Ra5 28.Qb3 h5 29.Ra1 Rea8
30.Rxa5 Rxa5 31.Rb1 Qc6 32.Ne2 Bd8 33.Rc1 Qd7 34.Nf4 h4 35.Qc2 Ra7 36.Qc8 hxg3
37.hxg3 g6 38.Qb8 Kh7 39.Nxd5 Ra2 40.Qe5 Ra5 41.Nf6+ Bxf6 42.Qxf6 Rh5 43.e4 Kg8
44.Ra1 Ra5 45.Rb1 b5 46.Kg2 Qe8 47.e5 Ra3 48.d5 Qa8 49.Rxb5  1-0

[Event "XV Asiad Men's Rapid"]
[Site "Doha QAT"]
[Date "2006.12.04"]
[Round "7"]
[White "Kazhgaleyev,M"]
[Black "Al Modiahki,M"]
[Result "1-0"]
[WhiteElo "2609"]
[BlackElo "2550"]

1.d4 Nf6 2.c4 e6 3.Nf3 b6 4.a3 Bb7 5.Nc3 d5 6.cxd5 Nxd5 7.Bd2 Nd7 8.Nxd5 exd5
9.g3 Bd6 10.Bg5 Nf6 11.Bg2 O-O 12.O-O h6 13.Bxf6 Qxf6 14.Qd2 a5 15.Rac1 Rfd8
16.e3 c5 17.dxc5 bxc5 18.Ne1 Ba6 19.Bxd5 Be5 20.Rxc5 Bxf1 21.Kxf1 Bxb2 22.a4 Rac8
23.Rxc8 Rxc8 24.Nf3 Qc3 25.Qe2 Qb4 26.Kg2 Bf6 27.e4 Qb2 28.Qa6 Rb8 29.Qxa5 g5
30.Qc7 Rf8 31.Qd7 Kh8 32.Qf5 Bg7 33.e5 Qb6 34.a5 Qg6 35.Qxg6 fxg6 36.a6 g4
37.Nd2 Bxe5 38.a7 Rxf2+ 39.Kxf2 Bd4+ 40.Ke2 Bxa7 41.Nf1 Kg7 42.Ne3 h5 43.Kd3 Kf6
44.Ke4 Bc5 45.Bc6 Ba7 46.Be8 Kg5 47.Bd7 Bc5 48.Kd3 Ba7 49.Ke2 Bc5 50.Bb5 Ba7
51.Bd3 Bc5 52.Bc2 Ba7 53.Nd5 Bb8 54.Ne7 h4 55.Kf2 Ba7+ 56.Kf1 Bb8 57.Kg2 h3+
58.Kf1 Bd6 59.Nxg6 Kh5 60.Nh8 Be5 61.Ng6 Bd6 62.Nh4 Kg5 63.Nf5 Bc5 64.Bd3 Kf6
65.Bb1 Kg5 66.Bc2 Kf6 67.Nh4 Kg5 68.Ba4 Bd6 69.Bd7 Bf8 70.Nf5 Bc5 71.Bc8 Kg6
72.Bd7 Kg5 73.Ng7 Kf6 74.Ne6 Bb6 75.Nf4 Kg5 76.Nd3 Bd4 77.Nf2 Be5 78.Bxg4 Bd4
79.Bxh3  1-0

[Event "Levikov Mem"]
[Site "Lviv UKR"]
[Date "2006.12.09"]
[Round "3"]
[White "Esen,B"]
[Black "Kravtsiv,M"]
[Result "1/2-1/2"]
[WhiteElo "2464"]
[BlackElo "2446"]

1.d4 Nf6 2.c4 e6 3.Nf3 b6 4.a3 c5 5.d5 Ba6 6.Qc2 exd5 7.cxd5 g6 8.Nc3 d6
9.g3 Bg7 10.Bg2 O-O 11.O-O Re8 12.Re1 Nbd7 13.Bf4 Qe7 14.h3 Ne4 15.Nxe4 Qxe4
16.Qd2 Qe7 17.e4 f6 18.h4 Ne5 19.Bxe5 fxe5 20.h5 Bc8 21.hxg6 hxg6 22.b4 Bg4
23.bxc5 bxc5 24.Rab1 Reb8 25.Qa5 Bf6 26.Nd2 Bc8 27.Nc4 Qd7 28.Bf1 Kg7 29.Bd3 Bd8
30.Qd2 Bf6 31.Qa5 Bd8 32.Qd2 Bf6 33.Rb2 Rxb2 34.Qxb2 Ba6 35.Kg2 Rh8 36.Rh1 Rxh1
37.Kxh1 Qc7 38.Qb3 Bxc4 39.Bxc4 Qb6 40.Qxb6 axb6 41.Kg2 Bg5 42.Kf3 Kf6 43.Ke2 Ke7
44.Bb5 Bc1 45.a4 g5 46.Kf3 Kf6  1/2-1/2

[Event "15th Donau Open"]
[Site "Aschach an der Donau AUT"]
[Date "2006.12.27"]
[Round "3"]
[White "Testor,S"]
[Black "Pachta,P"]
[Result "0-1"]
[WhiteElo "2233"]
[BlackElo "2237"]

1.d4 Nf6 2.c4 e6 3.Nf3 b6 4.a3 Bb7 5.Nc3 d5 6.cxd5 Nxd5 7.e3 Nd7 8.Bd3 c5
9.Nxd5 exd5 10.O-O Bd6 11.b3 O-O 12.Bb2 Qe7 13.Qe2 Rae8 14.Rfd1 f5 15.Bb5 f4
16.Ne5 Bxe5 17.dxe5 a6 18.Bxa6 f3 19.gxf3 Bxa6 20.Qxa6 Rxf3 21.Qb7 Kh8 22.Qxd5 Qg5+
23.Kh1 Rxf2 24.Rg1 Qh5 25.Rg2 Nf6 26.Qb7 Ng4 27.e6 Rg8 28.e7 Rxg2 29.Qxg2 Nxe3
30.Qe4 Nd1 31.Qg2 Nxb2 32.Qxb2 Qd5+ 33.Qg2 Qe5 34.Rf1 Qxe7 35.Qd5 Rf8 36.Rxf8+ Qxf8
37.Kg2 h6 38.a4 Qf6 39.Kg3 Kh7 40.h4 Qc3+ 41.Kg4 Qb4+ 42.Kg3 Qe1+ 43.Kg4 Qe2+
44.Kg3 Qe7 45.Qf5+ g6 46.Qd5 Kg7 47.Kg2 h5 48.Qc4 Qb7+ 49.Kg1 Qc6 50.Qa6 Qe6
51.Qb5 Qe1+ 52.Kg2 Qe6 53.Kg1 Kf6 54.Kf1 Qd6 55.Ke2 Kf5 56.Kf3 Qd1+ 57.Kf2 Qd4+
58.Kg2 Qg4+ 59.Kf1 Qf3+ 60.Kg1 Qg3+ 61.Kf1 Qd6 62.Kg2 Kg4 63.Qc4+ Qf4 64.Qe6+ Kxh4
65.Qxb6 Qe4+ 66.Kf2 Qd4+ 67.Ke2 g5 68.a5 g4 69.a6 g3 70.a7 Qf2+ 71.Kd1 g2
72.Qd8+ Kh3 73.Qd7+ Kh2 74.Qd6+ Qg3 75.Qd2 Qf3+ 76.Kc2 Kh1 77.Qd8 g1=Q 78.a8=Q Qgg2+
79.Kc1 Qff1+ 80.Qd1 Qxd1+  0-1

[Event "Petrovskaya Ladya Open"]
[Site "Peterhof RUS"]
[Date "2007.01.07"]
[Round "5"]
[White "Utkin,Alex"]
[Black "Prokuronov,E"]
[Result "0-1"]
[WhiteElo "2236"]
[BlackElo "2292"]

1.d4 Nf6 2.Nf3 e6 3.c4 b6 4.a3 Ba6 5.e3 d5 6.Nbd2 Be7 7.cxd5 Bxf1 8.Nxf1 Qxd5
9.Ng3 Bd6 10.O-O Bxg3 11.hxg3 Nbd7 12.Nd2 e5 13.dxe5 Nxe5 14.Nf3 Qe4 15.Nxe5 Qxe5
16.Qa4+ b5 17.Qd4 Qxd4 18.exd4 Nd5 19.Bd2 Kd7 20.Rfd1 Rhe8 21.Kf1 Re4 22.Ba5 Rae8
23.Rd2 R8e6 24.Rd3 Rh6 25.Kg1 Rc6 26.Rad1 Rc2 27.R3d2 Rc4 28.b3 Rc6 29.Ra2 f5
30.Be1 Rce6 31.Kf1 Rh6 32.Kg1 Ra6 33.a4 b4 34.Rc2 Rc6 35.Rc4 a5 36.Bd2 Rxc4
37.bxc4 Nb6 38.c5 Nxa4 39.Ra1 Nb2 40.d5 Nc4 41.f3 Rd4 42.c6+ Kd6 43.Bf4+ Rxf4
44.gxf4 b3 45.Kf2 b2  0-1

[Event "Keres Mem B"]
[Site "Tallinn EST"]
[Date "2007.01.08"]
[Round "4"]
[White "Jegorovas,A"]
[Black "Smirnov,Arte"]
[Result "1/2-1/2"]
[WhiteElo "2262"]
[BlackElo "2385"]

1.d4 Nf6 2.c4 e6 3.Nf3 b6 4.a3 c5 5.d5 Ba6 6.Nc3 Bxc4 7.e4 Bxf1 8.Rxf1 d6
9.dxe6 fxe6 10.Qb3 e5 11.Bg5 Nc6 12.O-O-O Be7 13.Bxf6 gxf6 14.Nd5 Qd7 15.Nh4 Nd4
16.Rxd4 cxd4 17.Nf5 Bd8 18.Qh3 Rg8 19.Kb1 Rg6 20.Rd1 Kf8 21.Rd3 Rc8 22.Rg3 Rxg3
23.hxg3 Qc6 24.Qh6+ Ke8 25.Qh5+ Kf8 26.Qh6+  1/2-1/2

[Event "Keres Mem A"]
[Site "Tallinn EST"]
[Date "2007.01.09"]
[Round "5"]
[White "Volodin,Alek"]
[Black "Sulskis,S"]
[Result "1/2-1/2"]
[WhiteElo "2354"]
[BlackElo "2525"]

1.d4 Nf6 2.c4 e6 3.Nf3 b6 4.a3 Bb7 5.Nc3 d5 6.cxd5 Nxd5 7.e3 Nxc3 8.bxc3 g6
9.a4 Bg7 10.Ba3 Nd7 11.a5 c5 12.Bb5 O-O 13.O-O Rc8 14.Bxd7 Qxd7 15.dxc5 Qxd1
16.Raxd1 bxc5 17.Rd7 Bxf3 18.gxf3 Bxc3 19.Rxa7 Ra8 20.Bxc5 Rxa7 21.Bxa7 Bxa5
22.Bd4  1/2-1/2

[Event "Petrovskaya Ladya Open"]
[Site "Peterhof RUS"]
[Date "2007.01.10"]
[Round "8"]
[White "Prokuronov,E"]
[Black "Semenenko,S"]
[Result "1-0"]
[WhiteElo "2292"]
[BlackElo "2196"]

1.d4 Nf6 2.c4 e6 3.Nf3 b6 4.a3 Bb7 5.Nc3 d5 6.cxd5 Nxd5 7.Qc2 Be7 8.Bd2 O-O
9.e4 Nxc3 10.Bxc3 Nd7 11.Rd1 Qc8 12.Be2 c5 13.d5 exd5 14.exd5 Bf6 15.O-O Ba6
16.Bxa6 Qxa6 17.Bxf6 Nxf6 18.Ne5 Qb7 19.d6 Rad8 20.d7 Nxd7 21.Qd2 Nxe5 22.Qxd8 Nc4
23.Rfe1 g6 24.Qf6  1-0

[Event "ch-BLR"]
[Site "Minsk BLR"]
[Date "2007.01.12"]
[Round "3"]
[White "Tihonov,J"]
[Black "Podolchenko,E"]
[Result "1/2-1/2"]
[WhiteElo "2501"]
[BlackElo "2429"]

1.d4 Nf6 2.Nf3 e6 3.c4 b6 4.a3 Bb7 5.Nc3 d5 6.Bg5 Be7 7.Bxf6 Bxf6 8.cxd5 exd5
9.g3 O-O 10.Bg2 Qe7 11.O-O Rd8 12.Rc1 c5 13.e3 Na6 14.Re1 Nc7 15.Rc2 Ne6
16.Rd2 Rac8 17.h4 g6 18.Nh2 h5 19.Bh3 Rb8 20.Bg2 Rbc8 21.Nf3 Bg7 22.Bh3 Rb8
23.Qb1 Re8 24.Bg2 Rbd8 25.Red1 cxd4 26.exd4 Nc7 27.Re1 Qd6 28.Rde2 Rxe2 29.Rxe2 Ba6
30.Re3 Bc8 31.Ne5 b5 32.Ne2 Bf5 33.Qd1 Be4 34.Bh3 Ne6 35.Bxe6 Qxe6 36.Nc3 Bxe5
37.dxe5 Bf5 38.Qd4 Qc6 39.Re2 a6 40.Rd2 Be6 41.Kh2 Rd7 42.Ne2 a5 43.Qf4 Bg4
44.Nd4 Qc1 45.Rc2 Qxf4 46.gxf4 b4 47.a4 b3 48.Rc5 Rb7 49.Rxd5 Rb4 50.f3 Be6
51.Nxe6 fxe6 52.Rxa5 Rc4 53.Kg3 Rc2 54.Ra6 Kf7 55.Ra7+ Ke8 56.Rb7 Rxb2 57.f5 exf5
58.Kf4 Ra2 59.Rxb3 Rxa4+ 60.Kg3 Ra6 61.Rb7 f4+ 62.Kxf4 Ra4+ 63.Kg3 Ra6 64.Rg7 Re6
65.Kf4 Kf8 66.Ra7 Kg8 67.Rd7 Re8 68.Rd5 Kf7 69.Rd7+ Kg8 70.Ke4 Ra8 71.Kf4 Re8  1/2-1/2

[Event "Stone Flower A"]
[Site "Nizhnij Tagil RUS"]
[Date "2007.01.15"]
[Round "1"]
[White "Iskusnyh,S"]
[Black "Ovetchkin,R"]
[Result "1/2-1/2"]
[WhiteElo "2482"]
[BlackElo "2534"]

1.d4 Nf6 2.c4 e6 3.Nf3 b6 4.a3 Ba6 5.Qc2 Bb7 6.Nc3 c5 7.e4 cxd4 8.Nxd4 Nc6
9.Nxc6 Bxc6 10.Qe2 d6 11.g3 Be7 12.Bg2 O-O 13.O-O Nd7 14.Bf4 Qb8 15.Nd5 Bd8
16.Nb4 Bb7 17.Rfd1 Ne5  1/2-1/2

[Event "Open A"]
[Site "Prague CZE"]
[Date "2007.01.15"]
[Round "6"]
[White "Belunek,V"]
[Black "Nemeth,D"]
[Result "1-0"]
[WhiteElo "2246"]
[BlackElo "2004"]

1.d4 Nf6 2.c4 e6 3.Nf3 b6 4.a3 Be7 5.Nc3 O-O 6.Bf4 Bb7 7.e3 d6 8.h3 Nbd7
9.Be2 Ne4 10.Nxe4 Bxe4 11.O-O Nf6 12.Nd2 Bb7 13.b4 Qd7 14.Qc2 Rfd8 15.Rfd1 c5
16.dxc5 dxc5 17.b5 Qe8 18.Bf3 Bxf3 19.Nxf3 a6 20.a4 axb5 21.axb5 Rxa1 22.Rxa1 Qd7
23.Ne5 Qb7 24.Nc6 Rc8 25.Ra7  1-0

[Event "ch-BLR"]
[Site "Minsk BLR"]
[Date "2007.01.17"]
[Round "8"]
[White "Mihajlovskij,S"]
[Black "Zhigalko,S"]
[Result "1-0"]
[WhiteElo "2451"]
[BlackElo "2539"]

1.d4 Nf6 2.Nf3 e6 3.c4 b6 4.a3 Ba6 5.Qb3 d5 6.cxd5 exd5 7.Bg5 Be7 8.Nc3 c6
9.Bxf6 Bxf6 10.e4 dxe4 11.Nxe4 O-O 12.Bxa6 Nxa6 13.O-O Re8 14.Nxf6+ Qxf6
15.Rac1 Nc7 16.Qc4 Re6 17.Ne5 b5 18.Qc2 Nd5 19.Nxc6 Nf4 20.Ne5 Rd8 21.g3 Nd5
22.Qe4 Qe7 23.Qf3 Nb6 24.Nc6 Qb7 25.d5 Rxd5 26.Nd8 Qd7 27.Nxe6 fxe6 28.Rfd1 h6
29.Rxd5 exd5 30.Qf4 Qe6 31.Qe3 Qf6 32.Qe8+ Kh7 33.Qxb5 Nc4 34.Qxd5  1-0

[Event "Stone Flower A"]
[Site "Nizhnij Tagil RUS"]
[Date "2007.01.19"]
[Round "6"]
[White "Lysyj,I"]
[Black "Andreev,Ed UKR"]
[Result "1/2-1/2"]
[WhiteElo "2576"]
[BlackElo "2442"]

1.d4 Nf6 2.Nf3 e6 3.c4 b6 4.a3 Ba6 5.Qc2 Bb7 6.Nc3 c5 7.dxc5 Bxc5 8.Bf4 a6
9.Rd1 O-O 10.e4 Nc6 11.b4 Be7 12.Be2 Ne8 13.O-O d6 14.e5 Qb8 15.exd6 Bxd6
16.Ng5 g6 17.Bxd6 Nxd6 18.Na4 Nf5 19.Nf3 Qc7  1/2-1/2

[Event "TCh-AUT 2006-7"]
[Site "Leoben AUT"]
[Date "2007.01.20"]
[Round "6"]
[White "Babula,V"]
[Black "Shengelia,D"]
[Result "1/2-1/2"]
[WhiteElo "2584"]
[BlackElo "2523"]

1.d4 Nf6 2.c4 e6 3.Nf3 b6 4.a3 Ba6 5.Qc2 Bb7 6.Nc3 c5 7.e4 cxd4 8.Nxd4 Nc6
9.Nxc6 Bxc6 10.Bf4 Nh5 11.Be3 Bc5 12.Qe2 Nf6 13.e5 Ng8 14.b4 Bf8 15.Nb5 a5
16.Nd6+ Bxd6 17.exd6 axb4 18.Bd4 f6 19.axb4 Rxa1+ 20.Bxa1 Nh6 21.b5 Bb7 22.Bc3 O-O
23.Qd2 Nf7 24.f3 Qb8 25.Be2 Rc8 26.O-O Nxd6 27.Rd1 Nxc4 28.Bxc4 Rxc4 29.Qxd7 Qc8
30.Qd8+ Qxd8 31.Rxd8+ Kf7 32.Rd7+ Kg6 33.Bxf6 Bxf3 34.Bd4 Be4 35.Rxg7+ Kh6  1/2-1/2

[Event "TCh-AUT 2006-7"]
[Site "Leoben AUT"]
[Date "2007.01.21"]
[Round "7"]
[White "Moser,Gu"]
[Black "Stanec,N"]
[Result "1/2-1/2"]
[WhiteElo "2369"]
[BlackElo "2504"]

1.d4 Nf6 2.c4 e6 3.Nf3 b6 4.a3 Bb7 5.Nc3 g6 6.d5 exd5 7.cxd5 Bg7 8.g3 O-O
9.Bg2 c6 10.O-O Nxd5 11.Nxd5 cxd5 12.Bg5 Qc8 13.Qd2 Re8 14.Rac1 Nc6 15.Bh6  1/2-1/2

[Event "Stone Flower A"]
[Site "Nizhnij Tagil RUS"]
[Date "2007.01.21"]
[Round "8"]
[White "Lysyj,I"]
[Black "Zhumabayev,R"]
[Result "1-0"]
[WhiteElo "2576"]
[BlackElo "2421"]

1.d4 Nf6 2.Nf3 e6 3.c4 b6 4.a3 Ba6 5.Qc2 Bb7 6.Nc3 c5 7.dxc5 Bxc5 8.Bf4 O-O
9.Rd1 Nh5 10.Ng5 g6 11.Bc1 Be7 12.Nge4 Qc7 13.Nd6 a6 14.Nxb7 Qxb7 15.e3 Nf6
16.f3 d6 17.Be2 Nbd7 18.O-O Rfc8 19.Bd2 Ne5 20.b3 d5 21.f4 Ned7 22.Qb2 dxc4
23.Bf3 Qa7 24.Bxa8 Qxa8 25.b4 b5 26.Rfe1 e5 27.Bc1 Bf8 28.f5 e4 29.fxg6 hxg6
30.Rf1 Re8 31.Qf2 Re7 32.Bb2 Qc6 33.Qf4 Bg7 34.Rd6 Qa8 35.Rfd1 Qb7 36.Qh4 Re8
37.Ne2 Re6 38.Rxe6 fxe6 39.Nf4 Kf7 40.Qg5 Nf8 41.Rf1 Qe7 42.Bd4 Qd8 43.h4 e5
44.Bxe5 Bh8 45.h5 gxh5 46.Nxh5 Nd7 47.Bd4 Qe7 48.Qf5 Bg7 49.g4  1-0

[Event "ch-SER Qualification"]
[Site "Belgrade SER"]
[Date "2007.01.24"]
[Round "2"]
[White "Nestorovic,De"]
[Black "Krstic,P"]
[Result "1/2-1/2"]
[WhiteElo "2387"]
[BlackElo "2280"]

1.d4 Nf6 2.c4 e6 3.Nf3 b6 4.a3 Bb7 5.Nc3 d5 6.cxd5 Nxd5 7.e3 Nxc3 8.bxc3 Nd7
9.Bd3 Be7 10.O-O O-O 11.Qc2 h6 12.e4 c5 13.Qe2 Qc7 14.Bb2 Rfe8 15.Rad1 Rac8
16.Bb5 Bc6 17.Bxc6 Qxc6 18.d5 exd5 19.exd5 Qa4 20.Rfe1 Bf8 21.Qd2 Red8 22.Ne5 Nxe5
23.Rxe5 c4 24.h4 Rc5 25.h5 Qd7 26.Qe2 f6 27.Re4 Rxd5 28.Rxd5 Qxd5 29.Rd4 Qa8
30.Qxc4+ Kh8 31.Qd3 Re8 32.c4 Qb8 33.Bc3 Bxa3 34.Rd7 Be7 35.Qg6 Bf8 36.Bb4 a5
37.Bc3 Rd8 38.Qf7 Rxd7 39.Qxd7 Qd6 40.Qe8 Kg8 41.g3 Qc5 42.Qe6+ Kh8 43.Qe8 Qe7
44.Qb5 Qd8 45.Kg2 Qa8+ 46.f3 Bc5 47.g4 a4 48.Qd7 a3 49.Qf7 a2 50.Bxf6 gxf6
51.Qxf6+ Kg8 52.Qg6+ Kf8 53.Qxh6+ Ke7 54.Qg7+ Kd6 55.Qf6+ Kc7 56.Qf7+ Kb8
57.Qe8+ Kb7 58.Qd7+ Kb8 59.Qe8+  1/2-1/2

[Event "IM"]
[Site "Passos BRA"]
[Date "2007.01.24"]
[Round "6"]
[White "Alonso,S"]
[Black "Frederico,G"]
[Result "1-0"]
[WhiteElo "2419"]
[BlackElo "2190"]

1.Nf3 Nf6 2.c4 e6 3.d4 b6 4.a3 Bb7 5.Nc3 d5 6.Bg5 Be7 7.Bxf6 Bxf6 8.cxd5 exd5
9.g3 O-O 10.Bg2 Nd7 11.O-O Re8 12.Rc1 a6 13.Ne1 c6 14.e3 a5 15.Nd3 g6 16.e4 Bxd4
17.exd5 c5 18.Nb5 Nf6 19.d6 Bxg2 20.Kxg2 Rc8 21.Qb3 Rb8 22.Rfe1 Rxe1 23.Rxe1 Qd7
24.Qc4 Re8 25.Nxd4 Rxe1 26.Nxe1 cxd4 27.Qxd4 Qc6+ 28.Kg1 Nd7 29.Nd3 f6 30.h4 Kf7
31.g4 Qb5 32.Qe4 Ne5 33.Qb7+ Nd7 34.Nc5 Qxc5 35.Qxd7+ Kf8 36.Qe7+ Kg8 37.Qe8+ Kg7
38.Qe7+ Kg8 39.Qe6+ Kf8 40.Qxf6+ Kg8 41.d7  1-0

[Event "SDZ Open"]
[Site "Solin CRO"]
[Date "2007.01.24"]
[Round "5"]
[White "Biliskov,V"]
[Black "Matas,M"]
[Result "1-0"]
[WhiteElo "2339"]
[BlackElo "2053"]

1.c4 Nf6 2.d4 e6 3.Nf3 b6 4.a3 Bb7 5.Nc3 d5 6.cxd5 Nxd5 7.e3 Be7 8.Bb5+ c6
9.Bd3 Nd7 10.O-O O-O 11.e4 Nxc3 12.bxc3 c5 13.Qe2 Rc8 14.Rd1 Re8 15.Bb5 c4
16.Ne5 Nxe5 17.dxe5 Qc7 18.Bxe8 Rxe8 19.Bf4 Bc5 20.Kh1 b5 21.a4 a6 22.axb5 axb5
23.f3 f6 24.Be3 Qxe5 25.Bxc5 Qxc5 26.Qd2 Bc6 27.Qd6 Qb6 28.Ra2 Kf7 29.Rda1 Rd8
30.Ra7+ Kg8 31.Qe7  1-0

[Event "ch-EST w"]
[Site "Tallinn EST"]
[Date "2007.01.25"]
[Round "7"]
[White "Tsiganova,M"]
[Black "Bashkite,V"]
[Result "1-0"]
[WhiteElo "2214"]
[BlackElo "2247"]

1.d4 Nf6 2.Nf3 e6 3.c4 b6 4.a3 Bb7 5.Nc3 Be7 6.d5 exd5 7.cxd5 O-O 8.e4 d6
9.Bd3 Nbd7 10.O-O Ne5 11.Nd4 c5 12.dxc6 Nxc6 13.Nf5 Bc8 14.Nxe7+ Qxe7 15.Bg5 Qe5
16.f4 Qd4+ 17.Kh1 Ng4 18.Qe2 h6 19.Bh4 g5 20.fxg5 Qe5 21.Bg3 Qxg5 22.Nd5 Nd4
23.Qe1 Ne5 24.Qc3 Ndc6 25.Bf4 Qg7 26.Bb5 Bb7 27.Bxc6 Nxc6 28.Nf6+ Kh8 29.Bxh6 Qxh6
30.Rf3 Ne5 31.Rh3  1-0

[Event "ch-Kyiv"]
[Site "Kyiv UKR"]
[Date "2007.01.27"]
[Round "8"]
[White "Kruglyakov,P"]
[Black "Melnichuk,M"]
[Result "1/2-1/2"]
[WhiteElo "2289"]
[BlackElo "2223"]

1.d4 Nf6 2.c4 e6 3.a3 b6 4.Nf3 Bb7 5.Nc3 d5 6.cxd5 Nxd5 7.Qc2 Be7 8.e4 Nxc3
9.bxc3 O-O 10.Bd3 c5 11.e5 h6 12.Be3 cxd4 13.cxd4 Qd7 14.h4 Rc8 15.Qe2 Rc3
16.Rd1 Rxa3 17.Rh3 Bb4+  1/2-1/2

[Event "ch-SER Qualification"]
[Site "Belgrade SER"]
[Date "2007.01.28"]
[Round "6"]
[White "Sekulic,D"]
[Black "Irizanin,R"]
[Result "1-0"]
[WhiteElo "2340"]
[BlackElo "2319"]

1.d4 Nf6 2.Nf3 e6 3.c4 b6 4.a3 Bb7 5.e3 c5 6.Bd3 cxd4 7.exd4 Be7 8.O-O O-O
9.Nbd2 d5 10.b3 Nc6 11.Bb2 Re8 12.Qe2 Bf8 13.Rad1 g6 14.Rfe1 Bg7 15.c5 a5
16.Bb5 Nd7 17.Ne5 Rc8 18.Nxd7 Qxd7 19.cxb6 Qd8 20.Nf3 Qxb6 21.a4 Red8 22.Ne5 Nxe5
23.dxe5 Bf8 24.Bd4 Bc5 25.Qe3 Bxd4 26.Rxd4 Qc5 27.h4 Qc3 28.Bd3 Qxb3 29.Rb1 Qa3
30.Rxb7 Rc1+ 31.Kh2 Qa1 32.Rf4 Re1 33.Qb6 Rf8 34.Rbxf7 Re8 35.Qc6  1-0